Fourth Wing Series (The Empyrean) First Names - Statistics

General Stats
  • This quiz has been taken 132 times
  • The average score is 15 of 19
Answer Stats
First Name Last Name % Correct
Dain Aetos
100%
Violet Sorrengail
100%
Xaden Riorson
100%
Jack Barlowe
98%
Liam Mairi
96%
Mira Sorrengail
96%
Rhiannon Matthias
95%
Brennan Sorrengail
91%
Ridoc Gamlyn
84%
Imogen Cardulo
80%
Aaric Graycastle
78%
Lilith Sorrengail
78%
Bodhi Durran
76%
Garrick Tavis
75%
Sawyer Henrick
71%
Fen Riorson
59%
Jesinia Neilwart
55%
Amber Mavis
46%
Camlean Tauri
30%
No matching quizzes found
Score Distribution
Percent of People with Each Score
Percentile by Number Answered
Your Score History
You have not taken this quiz